| 000 | 02694cam a22004814i 4500 | ||
|---|---|---|---|
| 003 | PE-LiUPU | ||
| 005 | 20250731173337.0 | ||
| 008 | 150706s2007 gs rb 000 0 eng d | ||
| 020 | _a9781589832671 | ||
| 035 | _a(Sirsi) i9781589832671 | ||
| 040 |
_aPE-LiUPU _bspa _cPE-LiUPU _erda |
||
| 049 | _aPRUA | ||
| 082 | 0 | 4 |
_a227.5066 _bH36 _221 |
| 100 | 1 |
_aHeil, John Paul, _eautor. |
|
| 245 | 1 | 0 |
_aEphesians : _bempowerment to walk in love for the unity of all in Christ / _cJohn Paul Heil. |
| 264 | 1 |
_aAtlanta : _bSociety of Biblical Literature, _c2007. |
|
| 300 |
_a357 páginas ; _c23 centímetros. |
||
| 336 |
_atext _2rdacontent |
||
| 337 |
_aunmediated _2rdamedia |
||
| 338 |
_avolume _2rdacarrier |
||
| 490 | 0 | _aStudies in Biblical Literature | |
| 504 | _aIncluye bibliografía. | ||
| 505 | 0 | _aThe Chiastic Structures of Ephesians -- Ephesians 1:1-2: Grace and Peace (A) -- Ephesians 1:3-14: To the Praise of His Glory in Love (B) -- Ephesians 1:15-23: Gift of Christ in Love as Head Over All to the Church (C) -- Ephesians 2:1-10: Walking by the Great Love with which He Loved Us (D) -- Ephesians 2:11-22: The Peace That Establishes Unity as a Gift of Love (E) -- Ephesians 3:1-13: Paul To Make Known the Mystery of Christ in Love (F) -- Ephesians 3:14-21: The Love of Christ That Surpasses Knowledge (G) -- Ephesians 4:1-16: To Walk toward the Unity of All in Love (H) -- Ephesians 4:17-32: Walk in the Truth of Christ's Love (G) -- Ephesians 5:1-6: Walk in Love as Christ Loved Us (F') -- Ephesians 5:7-14: Walk as Children of Light in Love (E') -- Ephesians 5:15-6:9: Walk in Love as Those Who Are Wise (D') -- Ephesians 6:10-13: Be Empowered in Love to Withstand Evil (C') -- Ephesians 6:14-22__Beloved Tychicus Will Encourage Your Hearts (B') -- Ephesians 6:23-24: Peace, Love, and Grace (A'). | |
| 526 | _aSEG42 | ||
| 526 | _aSEG41 | ||
| 526 | _aSEG40 | ||
| 526 | _aSEG39 | ||
| 526 | _aP94 | ||
| 526 | _aP87 | ||
| 526 | _aP86 | ||
| 526 | _aP85 | ||
| 526 | _aP77 | ||
| 526 | _aP76 | ||
| 526 | _aP35 | ||
| 541 | _g104-3776787-4588217; | ||
| 630 |
_aBiblia. _pN.T. _pEfesios _xCrítica, interpretación, etc. |
||
| 910 |
_agl _bjv _clch _d20090811 |
||
| 942 |
_2ddc _cBOOK |
||
| 949 |
_a227.5066 H36 _wDEWEY _c1 _i59805 _d2016-6-10 _e2016-6-5 _lCCODEBUL1 _mBUL _n2 _p38.00 _r0 _sY _tBOOK _u2015-7-6 _xTEOLOGIA _PP85 _0COMPRA _o.STAFF. Colección General |
||
| 994 |
_aC0 _bPEPRU |
||
| 596 | _a1 | ||
| 999 |
_a227.5066 H36 _wDEWEY _c49337 _i59805 _d49337 _e2016-6-5 _f2021-11-9 _g5 _lCCODEBUL1 _mBUL _n2 _p38.00 _q8 _r0 _sY _tBOOK _u2015-7-6 _xTEOLOGIA _PP85 _0COMPRA _o.STAFF. Colección Teología |
||
| 980 |
_81 _gALBERTO SANCHEZ Responsable de Automatización |
||